Statistiques concernant Culture Générale - Série 2244

Cliquez ici pour prendre le quiz!

Statistiques générales

  • Ce quiz a été pris 115 fois
  • Le résultat moyen est 6 sur 10

Statistiques - réponses

QuestionRéponse% Correct
Quelle est la capitale du Canada ?Ottawa
98%
De quel écrivain Simone de Beauvoir fut-elle la compagne ? prénom et nomJean Paul Sartre
78%
Comment s’appelle la première femme élue à l’académie française en 1980 ? prénom et nom - voir photoMarguerite Yourcenar
72%
Quel pays européen a pour devise « l’Union fait la Force » ?Belgique
70%
De quelle planète "Ganymède" est-il un satellite naturel ?Jupiter
67%
Quel pays s'appelait autrefois Pakistan Oriental ?Bangladesh
62%
Comment appelle-t-on une extinction de voix ?aphonie
52%
Quelle est l’île découverte par Erik Le Rouge vers 985 ?Groenland
47%
Quel mot de 9 lettres commençant par " m "désigne un délai accordé ( par exemple pour régler une dette) ?moratoire
36%
Comment appelle-t-on la lecture des lignes de la main ?chiromancie
34%

Distribution des résultats

Percentile par nombre de réponses

% des personnes avec chaque résultat

Votre développement - résultats

Vous n’avez pas pris ce quiz